000
00310nam a2200109 4500
999
_c
13159
_d
13159
008
190208b ||||| |||| 00| 0 eng d
245
_a
Who ignored red flags on dengue vaccine.
260
_a
Philippines
_b
Philippine Daily Inquirer
_c
c2017
300
_a
page A6.
650
0
_9
36816
_a
Vaccine.
942
_2
ddc
_c
PER